[Event "Istanbul Open 2017"]
[Site "Istanbul"]
[Date "2017.09.11"]
[Round "1"]
[White "Onem, Uzay Altay"]
[Black "Nuri, Murad"]
[Result "1/2-1/2"]
[WhiteElo "1886"]
[BlackElo "2285"]
[Annotator "TA"]
[PlyCount "98"]
[EventDate "2017.??.??"]
[EventType "swiss"]
[EventCountry "TUR"]
[SourceTitle "playchess.com"]
[Source "ChessBase"]
[SourceQuality "1"]

{[%evp 12,98,19,20,37,30,43,-8,-16,-14,0,0,2,0,20,20,78,30,24,43,49,20,29,27,28,30,22,20,20,-17,-20,-39,-44,-40,-53,-49,-37,-75,-31,-32,-46,-40,-35,-39,-53,-41,-57,-43,-40,-105,-127,-231,-233,-231,-140,-193,-168,-177,-42,-50,-7,-7,0,0,0,0,0,0,0,0,0,0,2,0,0,0,2,0,8,0,0,-1,0,0,6,5,8,0,0]} 1. d4 Nf6 2. c4 e6 3. Nf3 Bb4+ 4. Bd2 a5 5. e3 O-O 6. Bd3 {E11: Bogo-Indian} d6 7. O-O {LiveBook: 4 Games} Nbd7 8. Nc3 {White is slightly better.} e5 {White should prevent ...Bxc3.} 9. e4 $146 (9. Bc2 $14) ({Find the theoretical novelty and annotate with similar games:} 9. Qc2 h6 10. a3 Bxc3 11. Bxc3 Qe7 12. dxe5 dxe5 13. Bf5 {1-0 (74) Dzagnidze,N (2570)-Kosintseva,T (2483) Beijing 2014}) 9... exd4 $11 10. Nxd4 Nc5 (10... Ne5 $5 {[%cal Re5d3]} 11. Bg5 c6 $11) 11. Qc2 Re8 12. f3 c6 13. Rad1 Qb6 (13... Nxd3 $11 {remains equal.} 14. Qxd3 Nd7) 14. Kh1 Nxd3 15. Qxd3 Qa6 16. Bg5 Nd7 $1 17. b3 Ne5 18. Qe3 f6 19. Bf4 a4 20. Nxa4 Nxc4 $1 21. bxc4 Qxa4 22. Nb3 Be6 (22... Qxa2 $2 23. Ra1 $18 (23. Bxd6 Ra3 $11)) 23. Bxd6 Bxc4 {[#] ...Bxd6 is the strong threat.} 24. Rg1 Bxd6 25. Rxd6 Qxa2 26. Nc5 b5 27. Rxc6 Rec8 $36 {[%mdl 2048] Black fights for an advantage.} 28. Rxc8+ Rxc8 29. Nd7 Be6 30. Qd4 ({White should try} 30. Nb6 $1 $15 Qa7 31. Rb1) 30... Qc4 $17 31. Qxc4 (31. Nxf6+ $17 gxf6 32. Qxf6) 31... Rxc4 {[%mdl 4096] Endgame KRB-KRN} ({Don't do} 31... bxc4 32. Nb6 $17) 32. Nb6 Rd4 33. h3 (33. g4 $17 {was called for.}) 33... b4 $19 34. Rb1 Ba2 (34... Kf7 $19 35. Kg1 f5) 35. Rb2 $15 b3 {Black wants to play ...Rd1+.} 36. Kg1 $1 {The position is equal.} Kf7 (36... Rb4 $5 37. Nd5 $8 Rc4 $11) 37. Kf2 Ke6 38. Ke3 Rd1 39. Na4 Rc1 40. Kd2 Rc8 41. Nc3 Ra8 42. Ne2 Ke5 43. Ke3 g6 44. Nc1 Ra4 45. f4+ ({Don't go for} 45. Nxb3 $2 Ra3 $19) 45... Kd6 46. Kd3 Ra3 47. Kc3 {[%cal Rc1b3]} Kc5 48. Re2 ({Avoid the trap} 48. Nxb3+ $2 Rxb3+ 49. Rxb3 Bxb3 $19) 48... Ra7 49. e5 fxe5 {Precision: White = 51%, Black = 45%.} 1/2-1/2

[Event "Istanbul Open 2017"]
[Site "Istanbul"]
[Date "2017.09.11"]
[Round "1"]
[White "Albayrak, Kerem"]
[Black "Bogdanovich, Stanislav"]
[Result "0-1"]
[WhiteElo "1879"]
[BlackElo "2593"]
[Annotator "TA"]
[PlyCount "94"]
[EventDate "2017.??.??"]
[EventType "swiss"]
[EventCountry "TUR"]
[SourceTitle "playchess.com"]
[Source "ChessBase"]
[SourceQuality "1"]

{[%evp 19,94,-27,-31,-17,-19,-25,-28,-27,-33,-31,-29,-56,-64,-64,-58,-59,-58,-47,-50,-72,-81,-73,-72,-90,-79,-73,-70,-100,-92,-98,-86,-94,-88,-84,-87,-95,-98,-100,-96,-91,-101,-104,-91,-88,-76,-106,-109,-119,-114,-112,-120,-181,-167,-196,-196,-199,-187,-191,-170,-182,-173,-170,-155,-172,-152,-210,-154,-193,-197,-351,-349,-321,-334,-327,-339,-320,-304]} 1. d4 g6 2. Nf3 Bg7 3. c4 c5 4. Nc3 cxd4 5. Nxd4 Nc6 6. Nc2 Bxc3+ 7. bxc3 Qa5 8. Qd2 {A35: Symmetrical English: 2 Nc3 Nc6 3 Nf3} (8. e4 Nf6 9. f3 Qxc3+ 10. Bd2 Qe5 11. Rb1 b6 12. Be2 Ba6 13. Qc1 Rc8 14. Qa3 Na5 15. Ne3 d6 16. Bc3 {0-1 (46) Cordova,E (2645)-Piorun,K (2638) Matanzas 2017}) 8... Nf6 9. f3 d6 10. e4 O-O {LiveBook: 9 Games} 11. Be2 Be6 12. O-O $146 ({Predecessor:} 12. Ne3 Rfc8 13. Rb1 Rab8 14. O-O Ne5 15. Rb4 Qc5 {0-1 (29) Binder,K (2090)-Cuadrado,G (2135) Bayern 1998}) 12... Ne5 13. Ne3 Qc5 {[%cal Re6c4]} 14. Qd4 Rfc8 {[%cal Re5c4]} 15. Rb1 b6 {[%cal Re5c4]} 16. Nd5 Bxd5 $1 17. cxd5 Qxc3 18. Qxc3 Rxc3 19. Bb2 Rc2 20. Ba6 Nfd7 21. Rfc1 Rxc1+ 22. Bxc1 Nc5 23. Bb5 a6 24. Be2 b5 25. Be3 Rc8 26. Rc1 Ned7 27. Kf1 Nb6 28. Ke1 f5 29. Kd1 Nba4 30. Rc2 Rd8 31. exf5 gxf5 32. g4 fxg4 33. fxg4 b4 34. Bd4 Rf8 35. Ke1 (35. Kd2 $17) 35... a5 36. h4 Rf4 $1 {[%cal Rf4d4]} 37. Be3 Re4 38. Kd2 {[#]} Nc3 $1 {[%cal Rc3b1] White must now prevent ...Nb1+.} 39. Bf3 Rc4 40. Be2 N5e4+ 41. Ke1 {[#]} Rc8 $1 42. Bf3 (42. g5 $17) 42... Rb8 43. g5 a4 44. h5 $2 (44. Bd4 {was worth a try.}) 44... b3 $19 ({Weaker is} 44... Nxd5 45. Ba7 $15) 45. axb3 {Black has a decisive advantage.} axb3 46. Bxe4 bxc2 ({Don't take} 46... Nxe4 47. Rb2) 47. Bxc2 Nxd5 {Precision: White = 55%, Black = 79%.} 0-1

[Event "Istanbul Open 2017"]
[Site "Istanbul"]
[Date "2017.09.11"]
[Round "1"]
[White "Bicer, Atakan Mert"]
[Black "Petrov, Marian"]
[Result "0-1"]
[WhiteElo "1842"]
[BlackElo "2470"]
[Annotator "TA"]
[PlyCount "66"]
[EventDate "2017.??.??"]
[EventType "swiss"]
[EventCountry "TUR"]
[SourceTitle "playchess.com"]
[Source "ChessBase"]
[SourceQuality "1"]

{[%evp 15,66,-5,-14,-17,-10,-13,-6,-39,-31,-76,-65,-85,-78,-83,-85,-110,-118,-243,-237,-238,-120,-118,-108,-129,-109,-107,-108,-153,-150,-211,-220,-215,-212,-417,-397,-738,-721,-669,-277,-257,-215,-1107,-1134,-1036,-1034,-1033,-1028,-1006,-999,-1120,-1122,-1110,-1102]} 1. d4 g6 2. e4 Bg7 3. Nf3 d6 4. c3 Nf6 5. Bd3 O-O 6. Bg5 c5 7. Nbd2 cxd4 8. cxd4 h6 {LiveBook: 9 Games. A48: 1 d4 Nf6 2 Nf3 g6: Torre, London and Colle Systems} (8... Nc6 9. h3 h6 10. Be3 e5 11. O-O Nh5 12. Nb3 a5 13. a4 Nf4 14. Bb5 g5 15. dxe5 Nxe5 16. Nbd4 {0-1 (26) Bindrich,F (2590)-Firouzja,A (2456) Doha 2016}) 9. Be3 Ng4 10. O-O e5 $146 {The position is equal.} ({Predecessor:} 10... Nc6 11. Rc1 Bd7 12. a3 Nxe3 13. fxe3 a6 14. Qe1 b5 15. b4 Qb6 16. Nb3 {0-1 (56) Akwei,L (2324)-Benlloch Guirau,A (2382) ICCF email 2006}) 11. d5 f5 {[%cal Bf7f5,Bf5e4][%mdl 32]} 12. Nb3 a5 {[%cal Ba7a5,Ba5a4][%mdl 32]} 13. Rc1 a4 14. Na1 Nd7 15. Nc2 Ndf6 16. Nh4 (16. Nd2 $17) 16... fxe4 $19 17. Be2 {[#]} g5 (17... Nxh2 $1 $19 {[%mdl 512]} 18. Kxh2 {[#]} Ng4+ $1 {[%mdl 512]} 19. Kg3 (19. Bxg4 $2 Qxh4+ 20. Bh3 Bxh3 $19) 19... Rf4 $1 {[%mdl 512]} 20. Bxg4 Rxg4+ 21. Qxg4 Bxg4 22. Kxg4 Qd7+ 23. Kg3 g5) 18. Ng6 $17 Rf7 $36 {[%mdl 2048] Keeping White busy.} 19. h4 gxh4 20. Nxh4 Bd7 21. g3 Bf8 22. Ng2 (22. Bd2 $17) 22... Rg7 23. Qd2 Qe8 24. Kh1 $2 (24. Bb6) 24... Be7 $19 25. Rg1 $2 (25. Nce1 Bb5 26. Nh4) 25... Nh7 26. Nh4 Qh5 (26... Bxh4 $142 27. gxh4 Qh5) 27. Rg2 Bxh4 28. gxh4 $2 (28. Rh2 Qf7 29. Rxh4) 28... Qxh4+ {Black is clearly winning.} 29. Kg1 Rf8 {Hoping for ...Nxf2.} 30. Bxg4 Rxg4 31. Ne1 Kh8 32. Bxh6 Rfg8 33. Rc3 R8g6 {Precision: White = 22%, Black = 82%.} 0-1

[Event "Istanbul Open 2017"]
[Site "Istanbul"]
[Date "2017.09.11"]
[Round "1"]
[White "Onem, Cem"]
[Black "Benidze, Davit"]
[Result "0-1"]
[WhiteElo "1835"]
[BlackElo "2520"]
[Annotator "TA"]
[PlyCount "70"]
[EventDate "2017.??.??"]
[EventType "swiss"]
[EventCountry "TUR"]
[SourceTitle "playchess.com"]
[Source "ChessBase"]
[SourceQuality "1"]

{[%evp 20,70,49,45,77,42,45,25,38,18,21,4,22,-16,-20,-12,0,-27,-17,-27,0,-44,-30,-64,-74,-60,-73,-64,-42,-63,-10,-10,-10,-10,-10,-5,67,0,15,16,43,55,54,-135,-144,-138,-137,-362,-362,-636,-632,-479,-450]} 1. d4 Nf6 2. c4 c5 3. d5 e6 4. Nc3 exd5 5. cxd5 d6 6. e4 g6 7. Nf3 Bg7 8. Bd3 O-O 9. O-O Bg4 10. h3 Bxf3 11. Qxf3 {LiveBook: 50 Games} Nfd7 {A70: Modern Benoni: 6 e4 g6 7 Nf3} (11... Nbd7 12. Qe2 a6 13. a4 Ne5 14. Bc2 Re8 15. f4 Ned7 16. Qf3 c4 17. Be3 Qa5 18. Rae1 b5 19. axb5 axb5 20. Ne2 b4 21. Bd4 {0-1 (39) Zubritskiy,A (2442)-Khalifman,A (2617) Tallinn 2016}) 12. Qd1 Na6 13. a3 Nc7 {White has an edge.} 14. Be3 $146 (14. Bf4 $5 {[%cal Rf4d6]}) ({Predecessor:} 14. Nb5 Ne5 15. Nxc7 Qxc7 16. Bc2 b5 17. Rb1 a5 18. f4 Nd7 19. e5 dxe5 20. fxe5 Bxe5 21. d6 Bxd6 {0-1 (21) Tran,T (1988)-Hoang Le My,A (2014) Da Lat 2011}) 14... Rb8 15. Qe2 Re8 16. Rfe1 b5 {[%cal Bb7b5,Bb5b4][%mdl 32]} 17. Qc2 Qe7 18. Rad1 a5 19. b3 Rec8 20. Bc1 b4 (20... c4 $5 21. bxc4 b4 22. axb4 axb4 $15) 21. Nb1 {[#]} a4 $1 {[%mdl 512]} 22. bxa4 b3 23. Qe2 Ne5 24. Bb2 Nxd3 (24... Qd7 $15 25. Nc3 c4 $1 {[%mdl 512]}) 25. Rxd3 $11 c4 $36 {[%mdl 2048] Black is more active.} 26. Re3 $1 Bxb2 27. Qxb2 Na6 (27... Ra8 $11) 28. Qd4 ({Better is} 28. Rc1 $1 $14) 28... Nc5 {And now ...Nd3 would win.} 29. Rc1 $1 b2 30. Rxc4 Nxa4 {[#]} 31. Re1 $2 ({Worse is} 31. Rxc8+ Rxc8 32. Kh2 Rc1 $17) (31. Rb3 $1 $14 {[%mdl 512] keeps the upper hand.}) 31... Rxc4 $17 32. Qxc4 Qe8 33. g3 $2 (33. e5 $17 {was called for.}) 33... Rc8 $19 34. Qb4 $2 (34. Qf1) 34... Rc1 {aiming for ...Qc8.} 35. Kg2 Nc5 {Precision: White = 30%, Black = 47%.} 0-1

[Event "Istanbul Open 2017"]
[Site "Istanbul"]
[Date "2017.09.11"]
[Round "1"]
[White "Ulas, Soner Ilhan"]
[Black "Rasulov, Vugar"]
[Result "0-1"]
[WhiteElo "1827"]
[BlackElo "2504"]
[Annotator "TA"]
[PlyCount "94"]
[EventDate "2017.??.??"]
[EventType "swiss"]
[EventCountry "TUR"]
[SourceTitle "playchess.com"]
[Source "ChessBase"]
[SourceQuality "1"]

{[%evp 14,94,7,-10,0,-56,-18,-49,-49,-58,-46,-50,-48,-52,-32,-53,-51,-135,-77,-67,-54,-79,-77,-75,-75,-90,-91,-76,-80,-135,-80,-73,-72,-85,-61,-89,-79,-122,-113,-127,-138,-159,-129,-252,-205,-270,-258,-303,-302,-341,-254,-314,-326,-315,-325,-307,-285,-284,-312,-310,-307,-282,-321,-317,-289,-304,-173,-267,-268,-265,-262,-252,-256,-226,-229,-611,-595,-592,-520,-889,-816,-1012,-992]} 1. e4 e5 2. Nf3 Nc6 3. Bc4 Bc5 4. c3 Nf6 5. Qe2 O-O 6. Bb3 {C54: Giuoco Piano: 4 c3 Nf6, main lines with 5 d4 and 5 d3} d5 7. d3 Be6 (7... Re8 8. Bg5 dxe4 9. dxe4 h6 10. Bh4 Be7 11. Nbd2 Nh5 12. Bg3 Bf8 13. O-O-O Qf6 {1-0 (31) Carlsen,M (2837)-Bacrot,E (2713) Biel 2012}) 8. Nbd2 {LiveBook: 6 Games. The position is equal.} Re8 9. Nf1 $146 (9. O-O $11) ({Predecessor:} 9. Ba4 Bd6 10. O-O Nh5 11. Nb3 Qf6 12. c4 dxc4 13. dxc4 Nf4 14. Bxf4 exf4 15. Bxc6 bxc6 {0-1 (62) Hector,J (2575)-Balogh,C (2662) Germany 2011}) 9... a5 {[%cal Ba7a5,Ba5a4][%mdl 32]} 10. Ng3 a4 11. Bc2 d4 12. O-O h6 13. h3 Qd7 14. Kh2 b5 15. Nh4 {[#]} (15. a3 $15) 15... dxc3 (15... a3 $142 $1 16. Ngf5 axb2 17. Bxb2 Red8) 16. bxc3 $17 b4 17. Bd2 bxc3 18. Bxc3 Bd4 19. Qe1 Bxc3 20. Qxc3 Nd4 $36 {[%mdl 2048] White is under strong pressure.} 21. f4 ({White should try} 21. Nhf5) 21... Qd6 (21... exf4 $142 22. Rxf4 {[#]} c5 $1 {[%mdl 512]}) 22. f5 Bd7 23. Nf3 Rab8 24. Rab1 Rb6 25. Rxb6 cxb6 {[%cal Bc7b6,Bb6b5][%mdl 32]} 26. Bd1 b5 27. Nxd4 exd4 28. Qe1 (28. Qd2 $17 {might work better.}) 28... b4 29. Kh1 Bb5 30. Rf3 {[#]} b3 $1 {[%mdl 512]} 31. axb3 a3 {White must now prevent ...a2.} 32. Qa5 Qa6 33. Qxa6 Bxa6 34. Rf2 Bxd3 35. Ra2 Ra8 ({But not} 35... Nxe4 36. Nxe4 Bxe4 37. Rxa3 $17) 36. Bf3 Nd7 37. e5 Ra7 38. e6 fxe6 39. fxe6 {Threatens to win with Rxa3!} Nf6 (39... Ne5 $142 40. Be4 g6) 40. Ne2 (40. Kg1 $142) 40... Bxe2 $1 $19 41. Bxe2 {[%mdl 4096] Endgame KRB-KRN} Kf8 42. Kg1 Ke7 {...Nd5 is the strong threat.} 43. Bc4 Ne4 44. b4 $2 (44. Kf1) 44... Nc3 {Black is clearly winning.} 45. Ra1 Ra4 46. Bb3 (46. Rf1 $142 a2 47. Rf7+ Ke8 48. Bxa2 Rxa2 49. Rd7) 46... Rxb4 47. Rxa3 Nb5 {Precision: White = 27%, Black = 76%.} 0-1

[Event "Istanbul Open 2017"]
[Site "Istanbul"]
[Date "2017.09.11"]
[Round "1"]
[White "Emir, Emirhan"]
[Black "Darban, Morteza"]
[Result "0-1"]
[WhiteElo "1801"]
[BlackElo "2300"]
[Annotator "TA"]
[PlyCount "88"]
[EventDate "2017.??.??"]
[EventType "swiss"]
[EventCountry "TUR"]
[SourceTitle "playchess.com"]
[Source "ChessBase"]
[SourceQuality "1"]

{[%evp 9,88,3,2,-38,-35,-39,-31,-71,-60,-101,-86,-123,-117,-118,-104,-154,-150,-272,-143,-143,-143,-149,-150,-149,-144,-137,-143,-154,-154,-170,-157,-165,-149,-173,-171,-174,-172,-151,-158,-199,-202,-197,-207,-214,-229,-230,-197,-196,-183,-162,-130,-250,-237,-297,-297,-320,-320,-432,-424,-446,-427,-463,-464,-463,-456,-468,-468,-434,-456,-449,-442,-438,-436,-449,-458,-549,-612,-723,-721,-1173,-977]} 1. c4 f5 2. Nc3 Nf6 3. g3 e5 4. d3 (4. Nf3 d6 5. d4 e4 6. Nh4 g6 7. Bg5 Bg7 8. e3 O-O 9. Be2 c6 10. Ng2 Be6 11. Nf4 Bf7 12. h4 h6 13. Bxf6 Qxf6 {1-0 (47) Harika,D (2543)-Batsiashvili,N (2482) Doha 2016}) 4... Bb4 5. Bg2 O-O {LiveBook: 7 Games} (5... Bxc3+ $5 6. bxc3 d6 $14) 6. e3 {A21: English Opening: 1...e5 2 Nc3} (6. Bd2 {is more complex.} d6 7. Nf3 Ba5 8. O-O c6 9. a3) 6... Bxc3+ $1 7. bxc3 d6 8. Ne2 {Black is slightly better.} Nc6 9. Rb1 e4 10. d4 Na5 11. Qa4 c5 12. O-O b6 $146 ({Predecessor:} 12... Be6 13. d5 Bd7 14. Qc2 b6 15. f3 Qe7 16. Nf4 Nxc4 17. fxe4 Nxe4 18. Nd3 Rae8 19. a4 Qf6 20. g4 Qxc3 21. Qe2 Ned2 {0-1 (21) Peralta,E (2210)-Bonatti,W (2245) Buenos Aires 1991}) 13. Rd1 (13. Nf4 $17) 13... Qe8 ({Black should play} 13... Bd7 $19 14. Qa3 Qe8) 14. Qxe8 $17 Rxe8 15. Nf4 Ba6 $1 16. Nd5 {[#]} Nxd5 $1 (16... Bxc4 17. Nc7 $15) 17. cxd5 Be2 18. Rd2 Bd3 19. Ra1 Nc4 20. Rd1 b5 21. Bf1 Bxf1 22. Kxf1 Nb6 23. dxc5 dxc5 24. Rb1 {[#]} a6 $1 25. Ba3 Rac8 26. Bb2 Red8 27. Ke2 Kf7 ({But not} 27... Nxd5 28. c4) ({Much less strong is} 27... Rxd5 28. Rxd5 Nxd5 29. Rg1) 28. f3 Rxd5 29. Rxd5 Nxd5 $19 {[%mdl 4096] Endgame KRB-KRN} 30. Rd1 (30. fxe4 $17 {might work better.} fxe4 31. Rf1+ Kg6 32. Rd1) 30... Nb6 31. h3 Ke6 32. g4 g6 {[%cal Bg7g6,Bg6f5,Bf5e4][%mdl 32]} 33. gxf5+ gxf5 {Black is clearly winning.} 34. fxe4 fxe4 35. Rg1 Nc4 36. Bc1 Rd8 37. Rg4 Kf5 38. Rf4+ Ke5 39. Rh4 Rd3 40. Rh5+ Ke6 41. Rxh7 Rxc3 42. Kd1 Nxe3+ 43. Bxe3 Rxe3 44. a4 Ke5 {Precision: White = 35%, Black = 89%.} 0-1

[Event "Istanbul Open 2017"]
[Site "Istanbul"]
[Date "2017.09.11"]
[Round "1"]
[White "Seyit, Ersel"]
[Black "Goktas, Ibrahim Can"]
[Result "1/2-1/2"]
[WhiteElo "1736"]
[BlackElo "1405"]
[Annotator "NA RC"]
[PlyCount "74"]
[EventDate "2017.??.??"]
[EventType "swiss"]
[EventCountry "TUR"]
[SourceTitle "playchess.com"]
[Source "ChessBase"]
[SourceQuality "1"]
[TimeControl "5400+30"]

1. e4 {[%emt 0:00:30]} e5 {[%emt 0:00:00]} 2. Nf3 {[%emt 0:00:00]} Nc6 {[%emt 0:00:30]} 3. d4 {[%emt 0:00:00]} exd4 {[%emt 0:00:00]} 4. Bc4 {[%emt 0:00:00]} Nf6 {[%emt 0:00:00]} 5. O-O {[%emt 0:00:00]} d5 {[%emt 0:03:30]} 6. exd5 {[%emt 0:02:30]} Nxd5 {[%emt 0:06:30]} 7. Re1+ {[%emt 0:01:30]} Be7 {[%emt 0:01:30]} 8. Nxd4 {[%emt 0:02:30]} O-O {[%emt 0:03:30]} 9. Bxd5 {[%emt 0:01:30]} Qxd5 {[%emt 0:00:30]} 10. Nxc6 {[%emt 0:00:30]} Qxc6 {[%emt 0:02:30]} 11. Rxe7 {[%emt 0:01:30]} Be6 {[%emt 0:00:30]} 12. Rxe6 {[%emt 0:04:30]} Qxe6 {[%emt 0:00:00]} 13. Be3 {[%emt 0:00:30]} Rad8 {[%emt 0:02:00]} 14. Qe2 {[%emt 0:06:30]} f5 {[%emt 0:09:30]} 15. Nc3 {[%emt 0:00:30]} Rfe8 {[%emt 0:00:00]} 16. Qf3 {[%emt 0:01:30]} b6 {[%emt 0:08:00]} 17. h3 {[%emt 0:01:30]} h6 {[%emt 0:06:30]} 18. Rd1 {[%emt 0:09:30]} Rxd1+ {[%emt 0:03:30]} 19. Qxd1 {[%emt 0:00:30]} c6 {[%emt 0:00:30]} 20. Qd4 {[%emt 0:02:30]} g5 {[%emt 0:09:30]} 21. g3 {[%emt 0:05:30]} Re7 {[%emt 0:16:30]} 22. Kh2 {[%emt 0:07:30]} Rd7 {[%emt 0:04:30]} 23. Qa4 {[%emt 0:00:30]} Qd6 {[%emt 0:02:30]} 24. Qc4+ {[%emt 0:01:30]} Kg7 {[%emt 0:01:04]} 25. Ne2 {[%emt 0:02:30]} c5 {[%emt 0:00:32]} 26. Nc3 {[%emt 0:04:30]} Qe5 {[%emt 0:01:17]} 27. Qe2 {[%emt 0:09:30]} Re7 {[%emt 0:02:56]} 28. Qf3 {[%emt 0:00:30]} Rf7 {[%emt 0:01:13]} 29. Qd5 {[%emt 0:03:30]} Qe7 {[%emt 0:05:06]} 30. Bd2 {[%emt 0:03:30]} Qe8 {[%emt 0:02:33]} 31. Nb1 {[%emt 0:02:30]} Qe2 {[%emt 0:01:39]} 32. Bc3+ {[%emt 0:00:30]} Kg8 {[%emt 0:00:40]} 33. Kg2 {[%emt 0:02:30]} f4 {[%emt 0:04:16]} 34. Nd2 {[%emt 0:00:30]} fxg3 {[%emt 0:00:36]} 35. Qa8+ {[%emt 0:03:30]} Rf8 {[%emt 0:00:36]} 36. Qd5+ {[%emt 0:00:30]} Rf7 {[%emt 0:00:13]} 37. Qd8+ {[%emt 0:02:20]} Rf8 {[%emt 0:00:21]} 1/2-1/2

[Event "Istanbul Open 2017"]
[Site "Istanbul"]
[Date "2017.09.11"]
[Round "1"]
[White "Satici, Aydin"]
[Black "Sarikaya, Eser"]
[Result "1-0"]
[WhiteElo "1726"]
[BlackElo "1346"]
[Annotator "NA RC"]
[PlyCount "75"]
[EventDate "2017.??.??"]
[EventType "swiss"]
[EventCountry "TUR"]
[SourceTitle "playchess.com"]
[Source "ChessBase"]
[SourceQuality "1"]
[TimeControl "5400+30"]

1. b3 {[%emt 0:00:30]} e5 {[%emt 0:02:00]} 2. Bb2 {[%emt 0:00:30]} Nc6 {[%emt 0:01:30]} 3. e3 {[%emt 0:00:30]} d6 {[%emt 0:02:30]} 4. c4 {[%emt 0:02:30]} Nf6 {[%emt 0:02:30]} 5. d4 {[%emt 0:01:30]} exd4 {[%emt 0:02:30]} 6. exd4 {[%emt 0:00:00]} d5 {[%emt 0:02:30]} 7. Nf3 {[%emt 0:01:00]} Bb4+ {[%emt 0:04:30]} 8. Nbd2 {[%emt 0:00:30]} O-O {[%emt 0:01:30]} 9. Be2 {[%emt 0:00:00]} Ne4 {[%emt 0:07:30]} 10. Rc1 {[%emt 0:04:00]} Bg4 {[%emt 0:02:30]} 11. O-O {[%emt 0:00:30]} Nxd2 {[%emt 0:05:30]} 12. Nxd2 {[%emt 0:00:30]} Bxe2 {[%emt 0:01:30]} 13. Qxe2 {[%emt 0:00:00]} Re8 {[%emt 0:01:30]} 14. Qd3 {[%emt 0:03:00]} dxc4 {[%emt 0:01:30]} 15. bxc4 {[%emt 0:00:30]} Ne5 {[%emt 0:02:30]} 16. Qc2 {[%emt 0:00:30]} Ng4 {[%emt 0:04:30]} 17. Nf3 {[%emt 0:02:30]} Bd6 {[%emt 0:12:30]} 18. h3 {[%emt 0:03:30]} Nf6 {[%emt 0:01:30]} 19. Rfe1 {[%emt 0:03:30]} c6 {[%emt 0:10:30]} 20. Rcd1 {[%emt 0:05:30]} Rxe1+ {[%emt 0:04:30]} 21. Rxe1 {[%emt 0:00:30]} Qd7 {[%emt 0:09:05]} 22. Ne5 {[%emt 0:02:30]} Re8 {[%emt 0:05:31]} 23. Bc3 {[%emt 0:00:30]} Qc7 {[%emt 0:01:17]} 24. Qf5 {[%emt 0:05:30]} c5 {[%emt 0:03:10]} 25. d5 {[%emt 0:02:30]} Bxe5 {[%emt 0:04:14]} 26. Bxe5 {[%emt 0:00:30]} Qd8 {[%emt 0:01:26]} 27. Re3 {[%emt 0:07:30]} Nd7 {[%emt 0:02:02]} 28. Qf4 {[%emt 0:05:30]} Nxe5 {[%emt 0:01:26]} 29. Rxe5 {[%emt 0:00:30]} Kf8 {[%emt 0:00:06]} 30. Rxe8+ {[%emt 0:03:30]} Kxe8 {[%emt 0:00:12]} 31. Qe5+ {[%emt 0:02:30]} Kd7 {[%emt 0:00:51]} 32. Qxg7 {[%emt 0:01:30]} Qe7 {[%emt 0:00:57]} 33. Qg4+ {[%emt 0:03:30]} Kc7 {[%emt 0:00:23]} 34. Qg3+ {[%emt 0:00:30]} Qd6 {[%emt 0:00:06]} 35. Qf3 {[%emt 0:05:30]} Qe7 {[%emt 0:00:38]} 36. Qf4+ {[%emt 0:00:30]} Kd7 {[%emt 0:00:41]} 37. Kf1 {[%emt 0:02:30]} a6 {[%emt 0:00:45]} 38. Qb8 {[%emt 0:01:30]} 1-0